Charnokitization of granitoid rocks in the footwall of the Duluth complex (Minnesota, USA)

Elmentve itt :
Bibliográfiai részletek
Szerzők: Benkó Zsolt
Molnár Ferenc
Mogessie A.
Severson M.
Hauck S.
Arehart G.
Testületi szerző: Mineral Sciences in the Carpathians Conference (5.) (2012) (Miskolc)
Dokumentumtípus: Cikk
Megjelent: Department of Mineralogy, Geochemistry and Petrology, University of Szeged Szeged 2012
Sorozat:Acta mineralogica-petrographica 7
Acta mineralogica-petrographica : abstract series 7
Kulcsszavak:Földtan - előadáskivonat, Kőzettan - előadáskivonat, Ásványtan - előadáskivonat
Tárgyszavak:
Online Access:http://acta.bibl.u-szeged.hu/32963
LEADER 01230nab a2200289 i 4500
001 acta32963
005 20260212143024.0
008 161017s2012 hu o 000 eng d
022 |a 0324-6523, 1589-4835 
040 |a SZTE Egyetemi Kiadványok Repozitórium  |b hun 
041 |a eng 
100 1 |a Benkó Zsolt 
245 1 0 |a Charnokitization of granitoid rocks in the footwall of the Duluth complex (Minnesota, USA)  |h [elektronikus dokumentum] /  |c  Benkó Zsolt 
260 |a Department of Mineralogy, Geochemistry and Petrology, University of Szeged  |b Szeged  |c 2012 
300 |a 13 
490 0 |a Acta mineralogica-petrographica  |v 7 
490 0 |a Acta mineralogica-petrographica : abstract series  |v 7 
650 4 |a Természettudományok 
650 4 |a Föld- és kapcsolódó környezettudományok 
695 |a Földtan - előadáskivonat, Kőzettan - előadáskivonat, Ásványtan - előadáskivonat 
700 0 1 |a Molnár Ferenc  |e aut 
700 0 1 |a Mogessie A.  |e aut 
700 0 1 |a Severson M.  |e aut 
700 0 1 |a Hauck S.  |e aut 
700 0 1 |a Arehart G.  |e aut 
710 |a Mineral Sciences in the Carpathians Conference (5.) (2012) (Miskolc) 
856 4 0 |u http://acta.bibl.u-szeged.hu/32963/1/mineralogica_as_007_013.pdf  |z Dokumentum-elérés